• 首页
  • 本馆介绍
  • 公告通知
  • 最新文献
  • 馆藏检索
  • 电子资源
  • 读者导购
  • 参考咨询
  • 我的图书馆
  • 登录
  • 详细信息显示
  • 放入我的书架
  • 预约/预借图书
  • 作者相关作品
  • 分类相关作品
  • 丛书相关作品
  • 出版社相关作品

书目信息

  • 表格格式
  • 工作单格式
  • 卡片格式
题名:
齿轮和蜗轮蜗杆的检查与测量
    
 
作者: ;国家机械工业委员会质量安全监督司 编
分册:  
出版信息: 北京   机械工业出版社  1991
页数: 260页
开本: 19cm
丛书名: 机械制造检验员丛书
单 册:
中图分类: TH132.4
科图分类:
主题词: 齿轮参数测量 , 蜗轮--测量 , 蜗杆--测量
电子资源:
ISBN: 7-111-01872-9
000 01141nam2 2200289 450
001 0100344680
005 20101115131348.0
010    @a7-111-01872-9@dCNY5.80
011    @a7-111-01872-9
100    @a20021005d1991 em y0chiy0110 ea
101 0  @achi
102    @aCN@b110000
105    @aa z 000yy
106    @ar
200 1  @a齿轮和蜗轮蜗杆的检查与测量@9Chi Lun He;Huo;Hu Wo Lun Wo Gan De;Di Jian Cha;Zha Yu Ce Liang @f国家机械工业委员会质量安全监督司编@b专著
210    @a北京@c机械工业出版社@d1991
215    @a260页@d19cm
225 2  @a机械制造检验员丛书
330    @a本书内容包括:圆柱齿轮的基本概念、主要参数、尺寸计算、齿轮的误差及精度、检查方法和量仪、齿轮的单项测量和综合测量、圆锥齿轮的基本概念、几何尺寸计算、传动公差、单项测量及圆锥齿轮副的检查,蜗轮、蜗杆和齿条的检查与测量等。
410  0 @12001 @a机械制造检验员丛书
606 0  @a齿轮参数测量
606 0  @a蜗轮@x测量
606 0  @a蜗杆@x测量
690    @aTH132.4@v3
711 02 @a国家机械工业委员会质量安全监督司@9guo jia ji xie gong ye wei yuan hui zhi liang an quan jian du si@4编
801  0 @aCN@bAiZhiMarc@c19920114
905    @aBZT@dTH132.4@e1@f1@sTH132.4/1
    
    齿轮和蜗轮蜗杆的检查与测量/国家机械工业委员会质量安全监督司编.-北京:机械工业出版社,1991
    260页;19cm.-(机械制造检验员丛书)
    
    
    ISBN 7-111-01872-9:CNY5.80
    本书内容包括:圆柱齿轮的基本概念、主要参数、尺寸计算、齿轮的误差及精度、检查方法和量仪、齿轮的单项测量和综合测量、圆锥齿轮的基本概念、几何尺寸计算、传动公差、单项测量及圆锥齿轮副的检查,蜗轮、蜗杆和齿条的检查与测量等。
●
相关链接 在五车中查询图书 在当当中查询图书 在豆瓣中查询图书


正题名:齿轮和蜗轮蜗杆的检查与测量     索取号:TH132.4/1         预约/预借

序号 登录号 条形码 馆藏地/架位号 状态 备注
1 2000079130   2000079130   旧书回溯/ [索取号:TH132.4/1] 在馆    
山东省滨州职业学院图书馆 欢迎您!
大连网信软件有限公司© 版权所有